000 00789nam a2200229 i 4500
001 181445
003 ES-MaACL
005 20231010144200.0
008 130116s2009 sp | |||||||| | spa d
080 _a821.133.1-32"19"
100 0 _aBeauvoir, Simone de,
_d1908-1986
_926850
245 1 3 _aLa mujer rota /
_cSimone de Beauvoir ; [traducción de Dolores Sierra y Nieves Sánchez].
260 _a[Madrid] :
_bDiario Público,
_cD.L. 2009.
300 _a253 p. ;
_c18 cm.
490 1 _aBiblioteca pensamiento crítico
700 0 _aSierra, Dolores.
_9106247
700 1 _aSánchez, Nieves.
_9152081
830 0 _aBiblioteca pensamiento crítico
_9189844
852 _aES-MaACL
_jA-12446
_9188346
_bR.145922
_cDEPO1
_dOlim: N-5451
942 _2udc
_cMONOGRAFIA
999 _c181445
_d181445